| 000 | 00700cab a2200229 4500 | ||
|---|---|---|---|
| 001 | WB3348-20 | ||
| 008 | 090401t1997 xxu||||| |||| 00| 0 eng d | ||
| 035 | _a(Sirsi) u82586 | ||
| 041 | _aeng | ||
| 245 | _aBest Value pilot authorities | ||
| 260 | _c1997 | ||
| 350 | _a0 | ||
| 490 |
_aDOETR News Release _v(498/ENV) 4 December 1997 (4) |
||
| 520 | _a37 projects from local and other authorities will pilot the government`s `Best Value` policy. The pilots will attract exemption from CCT regulations. | ||
| 650 | _aBEST VALUE POLICY | ||
| 650 | _aCCT | ||
| 650 | _aGOVERNMENT POLICY | ||
| 650 | _aLOCAL AUTHORITIES | ||
| 690 | _aECONOMIC AND SOCIAL | ||
| 942 | _n0 | ||
| 948 | _c10/12/1997 | ||
| 999 |
_c52158 _d52158 |
||